Дело по прошению статского советника Залемана об увольнении за границу его сына

Доступно только в Электронных читальных залах Найти на картеНа карте
RUSMARC
00003698nmc2a22000003x 450
00154db6b27-4cbd-47db-94e9-948ea388f8ee
00520210519003156.0
100##$a20190709l18781878k l0rusy0189 ca
1010#$arus
102##$aRU
2001#$aДело по прошению статского советника Залемана об увольнении за границу его сына
$j6 апреля - 28 октября 1878 г.
251##$cДело
300##$aПо части секретаря
801#0$aRU
$bРГИА
$c20190709
$gRCR
801#1$aRU
$bГлавНИВЦ
$c20190709
$2rusmarc
801#2$aRU
$bПБ им. Б.Н. Ельцина
$c20210519
$gRCR
$2rusmarc
850##$aРГИА
852##$aРГИА
$eФедеральное казенное учреждение "Российский государственный исторический архив" (РГИА)
$j477
937##$hРГИА
$d12319732
$aASBIBLIO_SCAN
462#0$100144b6a2f6-4ae7-48de-903e-d3f20f247728
$12001
$aДела Департамента полиции исполнительной МВД за 1878 год
$1251
$cОпись
$1852
$j39
$l1878 г.
461#0$10013e300ed0-cd39-49af-8489-5ba5b90fa401
$12001
$aДепартамент полиции исполнительной МВД
$1251
$cФонд
$1852
$j1286
215##$a9 л.
$d36,5х26 см
371##$aДокумент не является опубликованным и широко распространяемым
105##$ay###
1222#$ad
035##$a54db6b27-4cbd-47db-94e9-948ea388f8ee
856##$uhttp://readingroom.main.prlib.ru/item.aspx?id_node=n164971780&mode=full
Формат отображения